Score 0/18 Timer 02:00
163 Plays Today
% Correct
Facebook
98.5%
eBay
97.9%
NBC Sports
97.7%
NBC News
97.7%
Amazon
97.7%
New York Times
97.5%
Twitter
97.2%
Sports Illustrated
97.2%
Yahoo! Sports
96.9%
% Correct
Washington Post
96.9%
Walmart
94.9%
Popcornflix
94.6%
Netflix
94.4%
LinkedIn
88.6%
Yidio
86.9%
Hulu
85.9%
Crackle
83.9%
YouTube TV
76.6%
Remove Ads.
Support Sporcle.
Get the best of Sporcle when you Go Orange. This ad-free experience offers more features, more stats, and more fun while also helping to support Sporcle. Thank you for becoming a member.

You're not logged in!

Compare scores with friends on all Sporcle quizzes.
OR
Log In

Sporcle TV

Today on Sporcle TV


Watch our educational content, quiz creation guides, and fun videos on Sporcle TV.

Show Comments

Extras

Top Quizzes Today


Score Distribution

Paid Content

Your Account Isn't Verified!

In order to create a playlist on Sporcle, you need to verify the email address you used during registration. Go to your Sporcle Settings to finish the process.

Report this User

Report this user for behavior that violates our Community Guidelines.

Details: